History Quiz

Random History or Art Quiz
Score 0/16 Timer 05:00
1 Play Today
% Correct
The School of Athens
Vatican Museums
73.1%
David
Galleria dell'Accademia
67.9%
Nighthawks
Art Institute of Chicago
63.8%
The Night Watch
Rijksmuseum
60.4%
The Potato Eaters
Van Gogh Museum
55.5%
Guernica
Museo Reina Sofía
55.4%
The Birth of Venus
The Uffizi Gallery
53.3%
The Persistence of Memory
Museum of Modern Art
50.7%
% Correct
Liberty Leading the People
Louvre
47.9%
Bal du Moulin de la Galette
Musée d'Orsay
47%
Ophelia
Tate Britain
45.1%
Las Meninas
The Prado Museum
42.7%
Washington Crossing
the Delaware
Metropolitan Museum of Art
42.6%
Danaë
Hermitage
40.7%
Bathers at Asnières
National Gallery
33.1%
The Emperor Napoleon
in His Study at the Tuileries
National Gallery of Art
21.1%
Remove Ads.
Support Sporcle.
Get the best of Sporcle when you Go Orange. This ad-free experience offers more features, more stats, and more fun while also helping to support Sporcle. Thank you for becoming a member.

You're not logged in!

Compare scores with friends on all Sporcle quizzes.
OR
Log In

Show Comments

Extras

Top Quizzes Today


Score Distribution

Your Account Isn't Verified!

In order to create a playlist on Sporcle, you need to verify the email address you used during registration. Go to your Sporcle Settings to finish the process.

Report this User

Report this user for behavior that violates our Community Guidelines.

Details: